Nach dem NSU: Ergebnisse und Konsequenzen für die Polizei
| Contributors: | ; |
|---|---|
| Format: | Print Book |
| Language: | German |
| Published: |
Frankfurt [am Main]
Verlag für Polizeiwissenschaft, Prof. Dr. Clemens Lorei
[2020]
|
| In: |
Polizei - Geschichte - Gesellschaft (Band 1)
Year: 2020 |
| Online Access: |
Table of Contents |
| Availability in Tübingen: | Present in Tübingen. IFK: C IX 769 |
| Check availability: | HBZ Gateway |
| Subito Delivery Service: | Order now. |
| Volumes / Articles: | Show volumes/articles. |
| Keywords: |
MARC
| LEADER | 00000cam a2200000 c 4500 | ||
|---|---|---|---|
| 001 | 1688104305 | ||
| 003 | DE-627 | ||
| 005 | 20260206152536.0 | ||
| 007 | tu | ||
| 008 | 200122s2020 gw ||||| 00| ||ger c | ||
| 015 | |a 20,N04 |2 dnb | ||
| 015 | |a 20,N04 |2 dnb | ||
| 016 | 7 | |a 1203063792 |2 DE-101 | |
| 020 | |a 9783866766112 |c : EUR 24.90 (DE), EUR 25.60 (AT) |9 978-3-86676-611-2 | ||
| 020 | |a 3866766114 |9 3-86676-611-4 | ||
| 024 | 3 | |a 9783866766112 | |
| 035 | |a (DE-627)1688104305 | ||
| 035 | |a (DE-603)464244587 | ||
| 035 | |a (DE-599)DNB1203063792 | ||
| 035 | |a (OCoLC)1137274082 | ||
| 035 | |a (OCoLC)1137274082 | ||
| 040 | |a DE-627 |b ger |c DE-627 |e rda | ||
| 041 | |a ger | ||
| 044 | |c XA-DE-HE | ||
| 082 | 0 | |a 363.3250943 |q DE-101 | |
| 082 | 0 | |a 320.5330943 |q DE-101 | |
| 082 | 0 | 4 | |a 360 |a 320 |q DE-101 |
| 084 | |a MG 15388 |q DE-208 |2 rvk |0 (DE-625)rvk/122818:12130 | ||
| 084 | |a MG 15096 |q DE-208 |2 rvk |0 (DE-625)rvk/122818:12055 | ||
| 084 | |a MG 15950 |q DE-208 |2 rvk |0 (DE-625)rvk/122818:12227 | ||
| 084 | |a 88.17 |2 bkl | ||
| 084 | |a 86.41 |2 bkl | ||
| 245 | 0 | 0 | |a Nach dem NSU |b Ergebnisse und Konsequenzen für die Polizei |c Christoph Kopke (Hg.) ; mit einem Vorwort von Clemens Binninger |
| 246 | 3 | 0 | |a Nationalsozialistischen Nationalsozialistischer Untergrund |
| 264 | 1 | |a Frankfurt [am Main] |b Verlag für Polizeiwissenschaft, Prof. Dr. Clemens Lorei |c [2020] | |
| 264 | 4 | |c © 2020 | |
| 300 | |a 197 Seiten |b Diagramme |c 21 cm x 14.8 cm | ||
| 336 | |a Text |b txt |2 rdacontent | ||
| 337 | |a ohne Hilfsmittel zu benutzen |b n |2 rdamedia | ||
| 338 | |a Band |b nc |2 rdacarrier | ||
| 490 | 1 | |a Polizei - Geschichte - Gesellschaft |v Band 1 | |
| 500 | |a "Die hier veröffentlichten Bachelorarbeiten der Studierenden des Fachbereiches 5 - Polizei und Sicherheitsmanagement der Hochschule für Wirtschaft und Recht und die von Professor Christoph Kopke herausgegebene Darstellung leisten dazu einen wichtigen Beitrag." - Vorwort | ||
| 500 | |a Literaturangaben | ||
| 610 | 2 | 7 | |0 (DE-588)1028192703 |0 (DE-627)730438449 |0 (DE-576)375699473 |a Nationalsozialistischer Untergrund |2 gnd |
| 650 | 0 | 7 | |0 (DE-588)4040235-6 |0 (DE-627)106224611 |0 (DE-576)209038853 |a Mord |2 gnd |
| 650 | 0 | 7 | |0 (DE-588)4112646-4 |0 (DE-627)105835684 |0 (DE-576)209469684 |a Auswirkung |2 gnd |
| 650 | 0 | 7 | |0 (DE-588)4048829-9 |0 (DE-627)104325372 |0 (DE-576)209079428 |a Rechtsradikalismus |2 gnd |
| 650 | 0 | 7 | |0 (DE-588)4059534-1 |0 (DE-627)106143212 |0 (DE-576)209131136 |a Terrorismus |2 gnd |
| 650 | 0 | 7 | |0 (DE-588)4046595-0 |0 (DE-627)106197525 |0 (DE-576)209070196 |a Polizei |2 gnd |
| 651 | 7 | |0 (DE-588)4011882-4 |0 (DE-627)104704861 |0 (DE-576)208896155 |a Deutschland |2 gnd | |
| 655 | 7 | |a Aufsatzsammlung |0 (DE-588)4143413-4 |0 (DE-627)105605727 |0 (DE-576)209726091 |2 gnd-content | |
| 689 | 0 | 0 | |d g |0 (DE-588)4011882-4 |0 (DE-627)104704861 |0 (DE-576)208896155 |a Deutschland |2 gnd |
| 689 | 0 | 1 | |d b |0 (DE-588)1028192703 |0 (DE-627)730438449 |0 (DE-576)375699473 |a Nationalsozialistischer Untergrund |2 gnd |
| 689 | 0 | 2 | |d s |0 (DE-588)4040235-6 |0 (DE-627)106224611 |0 (DE-576)209038853 |a Mord |2 gnd |
| 689 | 0 | 3 | |d s |0 (DE-588)4112646-4 |0 (DE-627)105835684 |0 (DE-576)209469684 |a Auswirkung |2 gnd |
| 689 | 0 | 4 | |d s |0 (DE-588)4048829-9 |0 (DE-627)104325372 |0 (DE-576)209079428 |a Rechtsradikalismus |2 gnd |
| 689 | 0 | 5 | |d s |0 (DE-588)4059534-1 |0 (DE-627)106143212 |0 (DE-576)209131136 |a Terrorismus |2 gnd |
| 689 | 0 | 5 | |d s |0 (DE-588)4046595-0 |0 (DE-627)106197525 |0 (DE-576)209070196 |a Polizei |2 gnd |
| 689 | 0 | |5 DE-101 | |
| 689 | 1 | 0 | |d g |0 (DE-588)4011882-4 |0 (DE-627)104704861 |0 (DE-576)208896155 |a Deutschland |2 gnd |
| 689 | 1 | 1 | |d b |0 (DE-588)1028192703 |0 (DE-627)730438449 |0 (DE-576)375699473 |a Nationalsozialistischer Untergrund |2 gnd |
| 689 | 1 | 2 | |d s |0 (DE-588)4057803-3 |0 (DE-627)106149431 |0 (DE-576)209123753 |a Strafverfolgung |2 gnd |
| 689 | 1 | 3 | |d s |0 (DE-588)4258790-6 |0 (DE-627)104659424 |0 (DE-576)210575298 |a Versagen |2 gnd |
| 689 | 1 | |5 (DE-627) | |
| 700 | 1 | |a Kopke, Christoph |d 1967- |e HerausgeberIn |0 (DE-588)142115878 |0 (DE-627)633854573 |0 (DE-576)32796703X |4 edt | |
| 700 | 1 | |a Binninger, Clemens |d 1962- |e VerfasserIn eines Vorworts |0 (DE-588)1099730902 |0 (DE-627)858748118 |0 (DE-576)469349166 |4 wpr | |
| 830 | 0 | |a Polizei - Geschichte - Gesellschaft |v Band 1 |9 1 |w (DE-627)1696150590 |w (DE-600)3018735-7 |7 am | |
| 856 | 4 | 2 | |u https://d-nb.info/1203063792/04 |m B:DE-101 |q application/pdf |3 Inhaltsverzeichnis |7 1 |
| 936 | r | v | |a MG 15388 |b Sonstige Einzelfragen |k Politologie |k Politische Systeme einzelner Länder |k Europa, Nordamerika |k Westeuropa, Mitteleuropa |k Bundesrepublik Deutschland |k Bundesrepublik Deutschland |k Parteien und politische Bewegungen |k Mehrere Parteien, Parteiensysteme |k Rechtsradikalismus |k Sonstige Einzelfragen |0 (DE-627)1271503441 |0 (DE-625)rvk/122818:12130 |0 (DE-576)201503441 |
| 936 | r | v | |a MG 15096 |b Politisches Verbrechen, Terror, Gewalt |k Politologie |k Politische Systeme einzelner Länder |k Europa, Nordamerika |k Westeuropa, Mitteleuropa |k Bundesrepublik Deutschland |k Bundesrepublik Deutschland |k Formen politischer Auseinandersetzung |k Politisches Verbrechen, Terror, Gewalt |0 (DE-627)1271478641 |0 (DE-625)rvk/122818:12055 |0 (DE-576)201478641 |
| 936 | r | v | |a MG 15950 |b Sicherheit (Polizei, Geheimdienste, Verfassungsschutz) |k Politologie |k Politische Systeme einzelner Länder |k Europa, Nordamerika |k Westeuropa, Mitteleuropa |k Bundesrepublik Deutschland |k Bundesrepublik Deutschland |k Einzelne politische Sachgebiete |k Sicherheit (Polizei, Geheimdienste, Verfassungsschutz) |0 (DE-627)127148093X |0 (DE-625)rvk/122818:12227 |0 (DE-576)20148093X |
| 936 | b | k | |a 88.17 |j Ordnungskräfte |0 (DE-627)10641383X |
| 936 | b | k | |a 86.41 |j Kriminologie |0 (DE-627)181572001 |
| 936 | s | n | |a m100 |2 mzub |
| 936 | s | n | |a m200 |2 mzub |
| 951 | |a BO | ||
| ELC | |b 1 | ||
| LOK | |0 000 xxxxxcx a22 zn 4500 | ||
| LOK | |0 001 362132822X | ||
| LOK | |0 003 DE-627 | ||
| LOK | |0 004 1688104305 | ||
| LOK | |0 005 20260112104054 | ||
| LOK | |0 008 200409||||||||||||||||ger||||||| | ||
| LOK | |0 040 |a DE-21-110 |c DE-627 |d DE-21-110 | ||
| LOK | |0 689 |a s |a Rechtsextremismus | ||
| LOK | |0 689 |a s |a Terrorismus | ||
| LOK | |0 689 |a s |a Antisemitismus | ||
| LOK | |0 689 |a k |a NSU | ||
| LOK | |0 689 |a s |a Sicherheitsbehörde | ||
| LOK | |0 689 |a s |a Polizei | ||
| LOK | |0 852 |a DE-21-110 | ||
| LOK | |0 852 1 |c C IX 769 |m p |9 00 | ||
| LOK | |0 938 |a 2011 | ||
| LOK | |0 938 |k p | ||
| LOK | |0 939 |a 09-04-20 |b l01 | ||
| ORI | |a SA-MARC-krimdoka001.raw | ||
| SIG | |a IFK: C IX 769 | ||
| SPR | |a 1 |t KRI | ||
| TIM | |a 100019901003_100020261231 |b 1990-10-03 - 2026 | ||
